Quizzes
Events
Quiz Creation
Community
Videos
Private Events
Remove Ads
Sign In
Join for FREE
Feedback
Dark Mode
Quiz Categories
Sports
Geography
Music
Movies
Television
Just For Fun
Miscellaneous
History
Literature
Language
Science
Gaming
Entertainment
Religion
Holiday
For Kids
Quiz Lab
Recent
Popular Today
Quiz Kudos Today
Editor Picks
Curator Picks
Quizzes by...
Day
Popularity
Type
Ratings
Length
Year
Community
Subscriptions
Recent Discussions
Orange Saloon
Badges
Playlists
Quests
Create
Leaderboards
Showdown
Live 5
Trivia Bingo
Activity
Puzzle Library
Sporcle Events
Private Events
Virtual Trivia
Globe League
Become a Host
Pub Owners
SporcleCon
Opinionation
Our Games
Videos
Blog
Mobile Apps
Partnerships
Remove Ads and Go Orange
Feedback
Sports
Athletes
MLB
NBA
NHL
NFL
Soccer
Sports Teams
WWE
NCAA
Football
Premier League
Basketball
Baseball
Hockey
Golf
Tennis
Cricket
Rugby
Auto Racing
Olympics
World Cup
Sports
Athletes
MLB
NBA
NHL
NFL
Soccer
Sports Teams
WWE
NCAA
Football
Premier League
Basketball
Baseball
Hockey
Golf
Tennis
Cricket
Rugby
Auto Racing
Olympics
World Cup
Random Quiz
Search Sporcle
×
Quiz Lab
Quiz Lab
Sports
NFL
Type in answers that appear in a list
Type in answers that appear in a list
Classic
Best Score? Go Orange.
Team Receiving Leaders since 2000 (NFL) Stats
Can you name the NFL receiving leaders for each team since 2000?
By
jman9030
10m
32 Questions
714 Plays
714 Plays
714 Plays
Comments
Comments
Give Quiz Kudos
Give Quiz Kudos
-
- Ratings
hide this ad
Forced Order
Answers have to be entered in order
Answers have to be entered in order
Replay
Link that replays current quiz
Next Quiz
Link to next quiz in quiz playlist
You Got
0%
They Got
Avg Score
72%
Avg Friend Score
Upgrade to see
Score Distribution
Jump to the score distribution portion of the page
Score
0/32
Timer
10:00
0
Plays Today
Team
Player
% Correct
Arizona Cardinals
Anquan Boldin
97.3%
Carolina Panthers
Steve Smith
93.5%
Indianapolis Colts
Marvin Harrison
92.1%
Houston Texans
Andre Johnson
90.5%
Cincinnati Bengals
Chad Ochocinco
89.2%
Green Bay Packers
Donald Driver
88.4%
Pittsburgh Steelers
Hines Ward
87.9%
Minnesota Vikings
Randy Moss
86.8%
Dallas Cowboys
Jason Witten
84.6%
St. Louis Rams
Torry Holt
84.3%
San Diego Chargers
Antonio Gates
83.5%
Cleveland Browns
Braylon Edwards
83.3%
Baltimore Ravens
Todd Heap
78.7%
Kansas City Chiefs
Tony Gonzalez
78.5%
Washington Redskins
Santana Moss
77.3%
New York Giants
Amani Toomer
77%
Team
Player
% Correct
Jacksonville Jaguars
Jimmy Smith
75%
Denver Broncos
Rod Smith
73.4%
Detroit Lions
Roy Williams
69.6%
San Francisco 49ers
Terrell Owens
68.6%
New Orleans Saints
Joe Horn
68.2%
New York Jets
Laveranues Coles
67.3%
Philadelphia Eagles
Brian Westbrook
66.5%
New England Patriots
Troy Brown
65.8%
Buffalo Bills
Eric Moulds
63.4%
Miami Dolphins
Chris Chambers
59%
Tennessee Titans
Derrick Mason
58.2%
Atlanta Falcons
Alge Crumpler
55.4%
Tampa Bay Buccaneers
Joey Galloway
44.3%
Chicago Bears
Marty Booker
43.5%
Seattle Seahawks
Darrell Jackson
32.4%
Oakland Raiders
Jerry Porter
29.9%
Quiz Playlist
Details
Report
Send in Message
Add To Playlist
Classic:
Type in answers that appear in a list
Forced Order:
Answers have to be entered in order
Last Updated: Feb 16, 2017
Quiz Scoreboard
CHALLENGE
Sign Up to Join the Scoreboard
Show All
Scores
Hide
Comments
May contain spoilers
Recently Published
College Basketball Coaching Resumes
by pancakes188
Sports
9m
Billboard Blitz: Fleetwood Mac
by CooCooCachoo
Music
15s
Presidents Visiting Landmarks
by Hejman
History
7m
More to Explore
Quiz From the Vault
Featured Blog Post
Where Did the Easter Bunny Come From?
hide this ad
You Might Also Like...
Tags
NFL Quiz
2000
Player
Receiving
team
Today's Top Quizzes in Sports
Browse Sports
hide this ad
Today's Top Quizzes in NFL
Browse NFL
Top Contributed Quizzes in Sports
1
2022 World Cup Stars
2
Les meilleurs buteurs des matchs entre le PSG et l’OM
3
FIFA Club World Cup Champions
4
Les entraîneurs de l'OM et du PSG au 21e siècle
5
Criteria MLB: Left Handed Sluggers
6
AFC Teams Reveal (Wrong Answers Minefield)
7
5-to-1: UK Sports Teams
8
5-to-1: FBS Animal Nicknames
9
2023 MLB Unique Player Accomplishments
10
Name the Premier League winners with different clubs
Explore More
Trending Topics
Harry Potter
Kpop
NBA
Anime
Crossword
Marvel
Disney
NFL
Puzzle
Country
Pokémon
Soccer
WWE
Song
The Office
hide this ad
More By:
jman9030
Quiz
Plays
Rating
Category
Featured
Created
2008 Team Rushing Leaders (NFL)
1,885
4.25
Sports
Oct 2, 2009
Chicago Cubs Lineups since 2000
1,349
3.57
Sports
Oct 3, 2009
Team Receiving Leaders since 2000 (NFL)
714
4.50
Sports
Oct 9, 2009
Ultimate NBA Alma Mater Quiz (2000s - A)
488
5.00
Sports
Jun 2, 2011
Top 30 Hardest NBA Alma Maters (Active)
442
4.67
Sports
Jan 26, 2012
Go to Creator's Profile
Score Distribution
Quiz Creator Spotlight
jman9030
Follow
Send a Message
Quizzes Created
-
Created Quiz Play Count
-
More By This Creator
Popular Quizzes Today
1
Find the US States - No Outlines Minefield
2
Find the Countries of Europe - No Outlines Minefield
3
The Countries of the World
4
Find the US States
5
Risky Map Clicking: Biggest States A-Z
6
US States
7
Popular People in 1961
8
Movies - When Are They Set?
More Sports Quizzes
MLB 500 Doubles Club
Published
Trending Quizzes
Risky Map Clicking: Least Populous States A-Z
1-10 Letter G Words
1-10 Letter F Words
Risky Map Clicking: Next State Alphabetically
Risky Map Clicking: Biggest States A-Z
Recently Updated
Leaping Animals
pecheneg
Reality TV Shows (A-Z)
bhenderson79
Rickey Henderson's Hall of Fame Teammates
pecheneg
Champions League XIs: Arsenal
pecheneg
Quick Pick: Celebrities in WWE's Hall of Fame
aduchscher
A-Z Keypad Blitz II
pecheneg
Multiple Oscar Actors
pecheneg
Mystery Phrase Blitz: Oscar 'Best Actors'
pecheneg
F. Scott Fitzgerald Novels
LTH
Pick 3 Villains
ddd62291
Trending Topics
NBA
Crossword
Harry Potter
Marvel
Kpop
Anime
Disney
The Office
WWE
NFL
Puzzle
Pokémon
Song
Soccer
Country
Your Account Isn't Verified!
In order to create a playlist on Sporcle, you need to verify the email address you used during registration. Go to your
Sporcle Settings
to finish the process.
Report this User
Report this user for behavior that violates our
Community Guidelines
.
Details:
Send Report
Go to the Sporcle.com Mobile Site →
Comments